000 00683nam a2200181 a 4500
005 20210219150332.0
008 991125s1935 mx 000 0 spa u
035 _aUPN01000011929
049 _aCE
050 4 _aLC1030
_bR3.2
100 1 _aRamírez Castañeda, Rafael,
_d1885-1959
245 1 0 _aCorrientes educativas modernas :
_bconferencia del Distrito Federal, el 15 de enero de 1935, en el Palacio de Bellas Artes : versión taquigráfica /
_cRafael Ramírez.
260 _aMéxico :
_b[s.n.],
_c1935.
300 _a14 p.
500 _aDisponible en la Colección Medina
650 4 _aSOCIALISMO Y EDUCACION -
_zMEXICO -
_vDISCURSOS, ENSAYOS, CONFERENCIAS, ETC.
905 _aLibro
999 _c11929
_d11929